Doanh nghiệp của thế kỷ 21 = The business of the 21st century
Tìm hiểu cách thức cần thiết để tạo dựng doanh nghiệp, nền tảng sự giàu có cho tương lai bản thân bạn
Na minha lista:
| Autor principal: | |
|---|---|
| Formato: | Livro |
| Idioma: | Undetermined |
| Publicado em: |
Thành phố Hồ Chí Minh
Trẻ
2015
|
| Assuntos: | |
| Tags: |
Adicionar Tag
Sem tags, seja o primeiro a adicionar uma tag!
|
| Thư viện lưu trữ: | Trung tâm Học liệu Trường Đại học Cần Thơ |
|---|
| LEADER | 00831nam a2200217Ia 4500 | ||
|---|---|---|---|
| 001 | CTU_204466 | ||
| 008 | 210402s9999 xx 000 0 und d | ||
| 020 | |c 75000 | ||
| 082 | |a 338.7 | ||
| 082 | |b K46 | ||
| 100 | |a Kiyosaki, Robert T. | ||
| 245 | 0 | |a Doanh nghiệp của thế kỷ 21 = | |
| 245 | 4 | |b The business of the 21st century | |
| 245 | 0 | |c Robert T. Kiyosaki, John Fleming, Kim Kiyosaki ; Trần Lê (dịch) | |
| 260 | |a Thành phố Hồ Chí Minh | ||
| 260 | |b Trẻ | ||
| 260 | |c 2015 | ||
| 520 | |a Tìm hiểu cách thức cần thiết để tạo dựng doanh nghiệp, nền tảng sự giàu có cho tương lai bản thân bạn | ||
| 650 | |a Finance, Personal,Tài chính cá nhân | ||
| 904 | |i Hải | ||
| 980 | |a Trung tâm Học liệu Trường Đại học Cần Thơ | ||